000 00581nam a2200193Ia 4500
003 LDD
008 181029s9999 xx 000 0 und d
020 _a9788175416055
_c550.00
040 _cLDD
100 _aRoy, Purabi
245 0 _aIndo-Russian relations 1917-1947
_bselect archives of the former soviet union
_b
_cPurabi Roy
260 _aNew Delhi
_bShipra
_c2012
300 _a138p.
365 _b550.00
901 _a9293
_b17-10-2012
902 _aIN1009
_b22-11-2012
_cF
_dSELECT
_e32
903 _aDiscount-15
_bReqst by : Anurag Joshi
942 _2ddc
_cBK
999 _c104434
_d104434